| 000 | 00590cam2a220019300 4500 | ||
|---|---|---|---|
| 001 | tmp15784799 | ||
| 003 | UPRA | ||
| 005 | 20190815093418.0 | ||
| 008 | 951027s1979 bs f eng u | ||
| 035 | _a(Sirsi) r75986 | ||
| 035 | _a(UPRA)tmp15784799 | ||
| 040 | _cUPRA | ||
| 100 | 1 |
_cMrs. _6A36221.1 |
|
| 245 | 1 | 0 | _aReport on the National Archives for the period April, 1978, to March 1979. |
| 260 |
_aGaborone : _bMinistry of Home Affairs, _c1979. |
||
| 650 | 0 |
_aArchives -- Botswana. _zArchives -- Botswana. _6S28343.1 |
|
| 949 |
_a(O2)1978/4 _wlcc _mMAIN _tBOOK _lON-SHELF |
||
| 004 | 75986 | ||
| 999 |
_c58090 _d58090 |
||